01693agaaa2200301 45000010005000000030009000050050017000140070009000310080040000400400023000800410013001031000049001161300013001652450174001782500022003522600113003743000034004875080210005215110088007315200241008195380016010605460013010766500056010897000067011457000057012127000061012697000061013306212IT-RoPAU20220918181239.0d cvaizq50131s9999||||xx ||| | || ||und|| aIT-RoPAUcIT-RoPAU aITALIANO aPontecorvo GillogCodice regista SPICS: 2421 aQUEIMADA aQUEIMADAcProdotto da: Grimaldi Alberto -- Sceneggiatura: Solinas Franco Arlorio Giorgio -- Diretto da: Pontecorvo GillopQUEIMADA (Rif. Codice opera principale : 26212) aEdizione Standard a(ITALIA)bPRODUZIONI EUROPEE ASSOCIATE / Distribuzione: RAIg"1969 (1° ed.: 1984 ; Ed. Lingua Orig.: 1969)" aVHSbsonoro, col.c129 minuti a"Fotografia: Ruzzolini G. Gatti M; Montaggio: Morra Mario; Musica: Morricone Ennio; Sceneggiatura: Solinas Franco Arlorio Giorgio; Scenografia: Canevari Sergio; Soggetto: Solinas Franco -- Arlorio Giorgio" a"Brando Marlon; Marquez Evaristo; Salvatori Renato; Ghia Dana; Albertini Giampiero" aQUEIMADA ISOLA DEI CARAIBI RIVOLTA CONTRO I PORTOGHESI NEGRI CHE CONQUISTANO L'INDIPENDENZA MA CHE RIFIUTANO OGNI FORMA DI COLONIALISMO BATTAGLIA SANGUINOSA CONTRO I RIBELLI NEGRI INIZIO DEL COLONIALISMO INGLESE FILM DRAMMATICO A COLORI aPAL, STEREO aITALIANO aDRAMMATICOeFILMS [VHS]xCodice MATERIA SPICS: 9960 aArlorio Giorgio e(soggetto)gCodice Soggetto 2° SPICS: 30956 aMorricone Ennioe(musica)gCodice Musica SPICS: 3535 aPontecorvo Gillo e(regista)gCodice regista SPICS: 2421 aSolinas Franco e(soggetto)gCodice Soggetto SPICS: 1140